01154nab a22001937a 4500003000400000005001700004008004100021040000700062100002400069245011900093300001500212500003700227505033700264505012700601650002300728650003000751650002900781773015000810OSt20260126010234.0190514b xxu||||| |||| 00| 0 spa d cPJ aZuccarini, Ayelén10a Personas con discapacidad y sistemas de apoyo :buna intersección en (re)construcción /cAyelén Zuccarini.  ap. 140-146 aCita: TR LALEY AR/DOC/2111/2024. aSumario: I. Introducción.— II. Plataforma fáctica.— III. Ayer, hoy y mañana en el abordaje de la salud mental.— IV. Los apoyos desde una mirada sistémica.— V. Presencias con potencial transformador y ausencias destacables: el papel de abogadxs y magistradxs con perspectiva de derechos humanos.— VI. Conclusiones.  tFallo comentado: JPaz, Mendoza ~ 12/04/2024 ~ ETI c. la adolescente A. G. X. s/ medida excepcional (control de legalidad). 0aDERECHO DE FAMILIA 0aPERSONAS CON DISCAPACIDAD 0aJURISPRUDENCIA APLICABLE0 02844dBuenos Aires : AbeledoPerrot, 1989-tDerecho de familia. Revista Interdisciplinaria de doctrina y jurisprudencia. Octubre 2024-V.z18511201